000 00880nam a22002897a 4500
001 BR2013005934
003 BR-BrBNA
005 20230928104227.0
007 ta
008 230509b bl.||||| |||| 00| 0 por d
040 _aBR-BrBNA
_bpor
_cBiblioteca Nacional de Agricultura
041 _a(Por)
072 _aH10
_b4020
090 _ 4020 BR2013005934
100 1 _aAlvarenga, T.M.
110 1 _aUniversidade Federal de Lavras, MG (Brasil)
_0Tese (Mestrado)
245 1 _aEstudo taxonômico do gênero Emersonella Girault, 1916 (Hymenoptera: Eulophidae)em áreas de Mata Atlântica
260 3 _aLavras, MG (Brasil):
_c2013.
300 _a104 p.
500 _aSummaries (Eng, Por); Bibliography p. 92-104, 25 illus.
650 _aINSETO
650 _aHIMENOPTERO
650 _aBIOLOGIA
650 _aMATA
909 _a202309
_bLucia
_c55
_dLucia Elande
942 _cBK
999 _c78791
_d78791